000 00475nam a2200193Ia 4500
008 101110s9999 xx 000 0 und d
041 _aENGLISH
082 _bSR24098
100 _aAinapure, Varsha and Ainapure, Mukund
245 _aCost accounting (TYBCOM)
365 _b110
520 _aCommerce
546 _aENGLISH
630 _aCost accounting (TYBCOM)
650 _aCommerce
655 _aCommerce
730 _aCost accounting (TYBCOM)
942 _cBOOK
999 _c816772
_d816769